[Event "ICS rated blitz match"]
[Site "204.178.125.65"]
[Date "2001.09.16"]
[Round "?"]
[White "PostModernist"]
[Black "Hossa"]
[Result "1-0"]
[WhiteElo "2659"]
[BlackElo "2608"]
[PlyCount "67"]
[EventDate "2001.??.??"]

1. e4 c5 2. Nc3 Nc6 3. Nf3 Nf6 4. Bb5 g6 5. Bxc6 bxc6 6. d4 cxd4 7. Qxd4 d6 8.
e5 c5 9. Qa4+ Bd7 10. Qf4 Nh5 11. Qe3 e6 12. g4 Ng7 13. Ne4 dxe5 14. Nxe5 f5
15. Nxd7 Kxd7 16. gxf5 Nxf5 17. Qc3 Bg7 18. Qc4 Bd4 19. c3 Qh4 20. Qe2 Nd6 21.
Nxd6 Kxd6 22. cxd4 cxd4 23. O-O Rhe8 24. Re1 e5 25. Bd2 a5 26. Rac1 e4 27. Rc4
Kd5 28. Rec1 Re5 29. Rc6 Rg5+ 30. Kh1 Rg1+ 31. Kxg1 Qxh2+ 32. Kxh2 d3 33. R1c5+
Kd4 34. Be3# {Hossa checkmated} 1-0

[Event "ICS rated blitz match"]
[Site "204.178.125.65"]
[Date "2001.09.16"]
[Round "?"]
[White "Tinker"]
[Black "Hossa"]
[Result "1-0"]
[WhiteElo "2404"]
[BlackElo "2594"]
[PlyCount "112"]
[EventDate "2001.??.??"]

1. e4 c5 2. Nf3 d6 3. d4 cxd4 4. Nxd4 Nf6 5. Nc3 a6 6. Be2 e5 7. Nb3 Be7 8. O-O
Be6 9. Be3 Nbd7 10. f4 Qc7 11. a4 O-O 12. Kh1 exf4 13. Rxf4 Bxb3 14. cxb3 Ne5
15. Rc1 Qd7 16. b4 Rac8 17. b5 a5 18. Bb6 Qe6 19. Bxa5 Ng6 20. Bg4 Nxg4 21.
Rxg4 Ne5 22. Rg3 Bh4 23. Rh3 Ng4 24. Rc2 Nf2+ 25. Rxf2 Bxf2 26. Rf3 Bc5 27. b4
Ba7 28. b6 Bb8 29. Qd5 Qxd5 30. exd5 Rfe8 31. g3 Re1+ 32. Kg2 Rc1 33. b5 Rc4
34. h3 Rc2+ 35. Rf2 Rxf2+ 36. Kxf2 Kf8 37. Ke2 g6 38. Kd3 Rc8 39. Bb4 h5 40. a5
h4 41. gxh4 Ke7 42. a6 Kf6 43. a7 Bxa7 44. bxa7 Ke5 45. b6 Rd8 46. Nb5 Kxd5 47.
Bxd6 Kc6 48. Kc4 Ra8 49. Bc5 Rd8 50. Nc7 Rh8 51. a8=Q Rxa8 52. Nxa8 Kd7 53. Kd5
Kc8 54. Kd6 Kd8 55. Nc7 f6 56. Nb5 f5 {Hossa resigns} 1-0

[Event "ICS rated standard match"]
[Site "204.178.125.65"]
[Date "2001.09.16"]
[Round "?"]
[White "Hossa"]
[Black "AvernoX"]
[Result "1-0"]
[WhiteElo "2305"]
[BlackElo "2226"]
[PlyCount "103"]
[EventDate "2001.??.??"]

1. d4 g6 2. e4 c6 3. Nf3 Bg7 4. Nc3 d5 5. e5 f6 6. Bf4 g5 7. exf6 exf6 8. Be3
Ne7 9. Bd3 Nf5 10. O-O Nxe3 11. fxe3 O-O 12. Qe1 Kh8 13. Qg3 Na6 14. Bxa6 bxa6
15. Qf2 g4 16. Ne1 f5 17. Nd3 Rf6 18. Ne2 Qe7 19. Rae1 Rh6 20. Nef4 Qc7 21. g3
Qa5 22. Ra1 Qd8 23. b3 Qe8 24. c4 dxc4 25. bxc4 Rb8 26. Rfb1 Rb6 27. c5 Rb5 28.
a4 Rb7 29. Rxb7 Bxb7 30. Rb1 Bc8 31. Rb8 a5 32. Ne5 Bxe5 33. dxe5 Kg7 34. Qd2
a6 35. Kh1 Qxe5 36. Rxc8 Qe4+ 37. Ng2 Qb1+ 38. Qe1 Qxe1+ 39. Nxe1 Re6 40. Nc2
Kf7 41. Kg2 Re4 42. Rxc6 Rxa4 43. Nd4 Ra2+ 44. Kf1 Ra1+ 45. Ke2 Ra2+ 46. Kd3
Ra3+ 47. Kc4 Rxe3 48. Rxa6 Ra3 49. c6 Ra1 50. Ra7+ Ke8 51. Nxf5 Rc1+ 52. Kb5 {
AvernoX resigns} 1-0

[Event "ICS rated blitz match"]
[Site "204.178.125.65"]
[Date "2001.09.16"]
[Round "?"]
[White "Hossa"]
[Black "luke21"]
[Result "1-0"]
[WhiteElo "2570"]
[BlackElo "2170"]
[PlyCount "85"]
[EventDate "2001.??.??"]

1. e4 e5 2. Bc4 Nf6 3. Nc3 c6 4. d4 d6 5. dxe5 dxe5 6. Bxf7+ Ke7 7. Qxd8+ Kxd8
8. Nf3 Bd6 9. Bg5 Rf8 10. O-O-O Kc7 11. Bc4 h6 12. Bh4 b5 13. Bxb5 Be6 14. Bg3
Nbd7 15. Be2 Nh5 16. Ng5 Nxg3 17. Nxe6+ Kb7 18. fxg3 Rf6 19. Rxd6 Nf8 20. Nd8+
Kc7 21. Rxf6 gxf6 22. Nf7 h5 23. Bxh5 Ne6 24. Rf1 Nd4 25. Rxf6 Rf8 26. Ne2
Nxe2+ 27. Bxe2 c5 28. Rf5 Re8 29. Rxe5 Rf8 30. Rxc5+ Kb6 31. Rf5 a6 32. Rf6+
Kb7 33. Nd6+ Kc6 34. Rxf8 Kxd6 35. Rd8+ Ke5 36. Rd5+ Kxe4 37. Bf3+ Ke3 38. Kd1
Kf2 39. Rd2+ Kg1 40. Ke2 Kxh2 41. Kf2 Kh1 42. Rd4 Kh2 43. Rh4# {
luke21 checkmated} 1-0

[Event "ICS rated blitz match"]
[Site "204.178.125.65"]
[Date "2001.09.16"]
[Round "?"]
[White "luke21"]
[Black "Hossa"]
[Result "0-1"]
[WhiteElo "2167"]
[BlackElo "2573"]
[PlyCount "60"]
[EventDate "2001.??.??"]

1. f4 d5 2. Nf3 g6 3. e3 Bg7 4. Be2 Nf6 5. O-O O-O 6. d3 c5 7. c3 Nc6 8. h3 b5
9. Qe1 c4 10. d4 Bf5 11. g4 Be4 12. Qh4 Qd7 13. Nbd2 Bd3 14. Bxd3 cxd3 15. Ne5
Nxe5 16. fxe5 Ne4 17. Nf3 f6 18. exf6 Bxf6 19. g5 Bg7 20. Bd2 Rxf3 21. Rxf3
Nxd2 22. Rf4 e5 23. Rf6 Bxf6 24. gxf6 Nf3+ 25. Kg2 Nxh4+ 26. Kg3 Nf5+ 27. Kg2
Nxe3+ 28. Kh2 Qf5 29. Re1 Qf2+ 30. Kh1 Qg2# {luke21 checkmated} 0-1

[Event "ICS rated blitz match"]
[Site "204.178.125.65"]
[Date "2001.09.16"]
[Round "?"]
[White "Hossa"]
[Black "ChesterX"]
[Result "0-1"]
[WhiteElo "2576"]
[BlackElo "2767"]
[PlyCount "124"]
[EventDate "2001.??.??"]

1. c4 e5 2. Nc3 Nf6 3. g3 c6 4. Nf3 e4 5. Nd4 d5 6. cxd5 Qb6 7. e3 cxd5 8. d3
Bb4 9. a3 Bxc3+ 10. bxc3 O-O 11. Bg2 Qa6 12. dxe4 dxe4 13. Bd2 Nc6 14. Qe2
Qxe2+ 15. Kxe2 Bg4+ 16. f3 exf3+ 17. Bxf3 Ne5 18. Bxg4 Nexg4 19. Raf1 Ne4 20.
Rf4 Ngf6 21. Rb1 b6 22. Be1 Rfe8 23. Rc1 Nd5 24. Rf5 Nef6 25. Bd2 g6 26. Rf3
Ne4 27. Rcf1 f5 28. Rc1 Ndf6 29. h3 Ng5 30. Rff1 Nxh3 31. Nc6 Ne4 32. Be1 Nd6
33. Rh1 Ng5 34. Rh4 Nge4 35. a4 Re6 36. Rf4 Nc5 37. Nd4 Re7 38. Ra1 Rae8 39.
Nc2 Nde4 40. Rf1 Nf6 41. Rf3 Ng4 42. Ra2 Ne5 43. Rf1 Nc4 44. Bf2 Ne4 45. Raa1
Nxc3+ 46. Kd3 Rc7 47. Nd4 Ne5+ 48. Kd2 Ng4 49. Bg1 Ne4+ 50. Kd1 Nxg3 51. Rf3
Ne4 52. Ke1 h5 53. Nb5 Rc2 54. Nxa7 Ne5 55. Rh3 h4 56. Rd1 Ng5 57. Rh1 Nef3+
58. Kf1 Ne4 59. Rh3 Ng3+ 60. Rxg3 hxg3 61. Rd2 Rxd2 62. Nc6 g2# {
Hossa checkmated} 0-1

[Event "ICS rated blitz match"]
[Site "204.178.125.65"]
[Date "2001.09.16"]
[Round "?"]
[White "IgorIvanov"]
[Black "Hossa"]
[Result "1-0"]
[WhiteElo "2399"]
[BlackElo "2568"]
[PlyCount "85"]
[EventDate "2001.??.??"]

1. d4 Nf6 2. c4 g6 3. Nc3 Bg7 4. e4 d6 5. f3 e5 6. d5 Nfd7 7. h4 O-O 8. h5 g5
9. h6 Bh8 10. Rh5 f6 11. g4 Nb6 12. b3 Bd7 13. Nge2 a5 14. Ng3 a4 15. b4 a3 16.
Nf5 Bxf5 17. exf5 c6 18. Be3 Na6 19. Qb3 cxd5 20. c5 dxc5 21. bxc5 Nc8 22. Nxd5
Rf7 23. O-O-O Qa5 24. Rh2 Nxc5 25. Bxc5 Qxc5+ 26. Rc2 Qa5 27. Nc7 Nd6 28. Nxa8
Qxa8 29. Rxd6 Qe8 30. Rc7 Kf8 31. Rxf7+ Qxf7 32. Qxf7+ Kxf7 33. Rd7+ Kf8 34.
Bc4 b5 35. Be6 b4 36. Kc2 Ke8 37. Kb3 e4 38. fxe4 Kf8 39. Kxb4 Ke8 40. Kc5 Kf8
41. Kd6 Ke8 42. Rc7 Bg7 43. Rc8# {Hossa checkmated} 1-0

[Event "ICS rated blitz match"]
[Site "204.178.125.65"]
[Date "2001.09.16"]
[Round "?"]
[White "ciba"]
[Black "Hossa"]
[Result "0-1"]
[WhiteElo "2296"]
[BlackElo "2551"]
[PlyCount "42"]
[EventDate "2001.??.??"]

1. d4 Nf6 2. e3 e6 3. c3 Be7 4. Bd3 d5 5. Nd2 c5 6. Qe2 Nc6 7. a3 e5 8. dxe5
Nxe5 9. Bc2 O-O 10. h3 Qd6 11. Ngf3 Nxf3+ 12. Nxf3 Ne4 13. O-O Qg6 14. Kh1 Be6
15. Ne5 Qg5 16. Nf3 Qh5 17. Nd4 Qe5 18. Nf3 Qf5 19. c4 dxc4 20. Bb1 Qd5 21. Rd1
Qxd1+ {ciba resigns} 0-1

[Event "ICS rated standard match"]
[Site "204.178.125.65"]
[Date "2001.09.16"]
[Round "?"]
[White "Tinker"]
[Black "Hossa"]
[Result "0-1"]
[WhiteElo "2250"]
[BlackElo "2317"]
[PlyCount "70"]
[EventDate "2001.??.??"]

1. e4 e5 2. Nf3 Nc6 3. Bb5 a6 4. Ba4 Nf6 5. d4 exd4 6. e5 Ne4 7. Nxd4 Bc5 8.
Bxc6 dxc6 9. Be3 O-O 10. O-O Qe8 11. Qh5 g6 12. Qh6 Qxe5 13. c3 Re8 14. Bf4 Qd5
15. Be3 Bf8 16. Qh4 Bg7 17. Na3 g5 18. Qh5 g4 19. Qh4 h5 20. c4 Qd6 21. Ndc2
Bxb2 22. Rad1 Qg6 23. Rd8 Bd7 24. Rxa8 Bf6 25. Qxf6 Qxf6 26. Rxe8+ Bxe8 27. Bd4
Qf5 28. f3 gxf3 29. Rxf3 Qd7 30. Re3 f5 31. Kh1 c5 32. Bb2 Qd2 33. Bc3 Qd1+ 34.
Re1 Qd3 35. Be5 Ba4 {Tinker resigns} 0-1

[Event "ICS rated blitz match"]
[Site "204.178.125.65"]
[Date "2001.09.16"]
[Round "?"]
[White "Hossa"]
[Black "NewHal9000"]
[Result "0-1"]
[WhiteElo "2557"]
[BlackElo "2833"]
[PlyCount "119"]
[EventDate "2001.??.??"]

1. d4 Nf6 2. c4 e6 3. Nf3 b6 4. g3 Bb7 5. Bg2 Be7 6. Nc3 Ne4 7. Bd2 d5 8. cxd5
exd5 9. Bf4 O-O 10. O-O Nd7 11. Nxe4 dxe4 12. Nd2 g5 13. Be3 f5 14. Qb3+ Kh8
15. f4 Nf6 16. fxg5 Ng4 17. Bh3 Bd5 18. Qc3 Nxe3 19. Qxe3 Bxg5 20. Qc3 f4 21.
Bg2 Qe7 22. gxf4 Bxf4 23. e3 Bd6 24. Rxf8+ Rxf8 25. Rf1 Rg8 26. Rf2 Qh4 27. Nf1
a5 28. b3 c6 29. Qe1 Qg5 30. Qe2 Rg6 31. Qa6 Qd8 32. Qe2 Bg8 33. Qa6 Rg5 34.
Nd2 Bd5 35. Qe2 Qb8 36. h4 Rg6 37. Rf5 Qg8 38. Nc4 Bc7 39. Ne5 Rg7 40. Qf2 Bd6
41. Rf6 Be7 42. Rf4 c5 43. Kf1 cxd4 44. exd4 Qc8 45. Qe3 Qc2 46. Bxe4 Qd1+ 47.
Kf2 Rg1 48. Qc3 Bb4 49. Rf8+ Bxf8 50. Bxd5 Qf1+ 51. Ke3 Bh6+ 52. Ke4 Qf4+ 53.
Kd3 Qe3+ 54. Kc4 b5+ 55. Kxb5 Qxc3 56. Nc6 Bg5 57. Bc4 Bxh4 58. d5 Be1 59. Ka6
Rg2 60. a4 {Hossa resigns} 0-1

[Event "ICS rated blitz match"]
[Site "204.178.125.65"]
[Date "2001.09.16"]
[Round "?"]
[White "IgorIvanov"]
[Black "Hossa"]
[Result "1-0"]
[WhiteElo "2427"]
[BlackElo "2552"]
[PlyCount "120"]
[EventDate "2001.??.??"]

1. d4 Nf6 2. c4 g6 3. Nc3 Bg7 4. e4 d6 5. f3 e5 6. d5 Nfd7 7. h4 O-O 8. h5 g5
9. h6 Bh8 10. Rh5 f6 11. g4 Nb6 12. b3 Bd7 13. Be3 c5 14. Nge2 a5 15. Ng3 a4
16. Nf5 Bxf5 17. gxf5 axb3 18. axb3 Rxa1 19. Qxa1 Na6 20. Be2 Nb4 21. Kd2 Qe8
22. Rh1 Qe7 23. Na2 Ra8 24. Nxb4 Rxa1 25. Rxa1 Qf8 26. Ra7 Nc8 27. Ra8 cxb4 28.
c5 dxc5 29. Bc4 b5 30. Bxb5 Bg7 31. Bd7 Nd6 32. Be6+ Nf7 33. Rxf8+ Bxf8 34. Kd3
Bxh6 35. d6 Bf8 36. Bxc5 Kg7 37. Bxf7 Kxf7 38. d7 Be7 39. Bb6 h5 40. d8=Q Bxd8
41. Bxd8 h4 42. Ke2 Kg7 43. Kf1 Kf7 44. Kg2 Kg7 45. Kh3 Kf7 46. Kg4 Kg7 47. Be7
Kf7 48. Bxb4 Ke8 49. Bc5 Kf7 50. b4 Ke8 51. b5 Kd8 52. Bf8 Kc7 53. Be7 Kd7 54.
Bxf6 Kd6 55. Bxg5 h3 56. Kxh3 Kc5 57. Bf6 Kd6 58. Kg4 Kc5 59. Bg7 Kb6 60. f6
Kc7 {Hossa resigns} 1-0

[Event "ICS rated blitz match"]
[Site "204.178.125.65"]
[Date "2001.09.16"]
[Round "?"]
[White "Hossa"]
[Black "IgorIvanov"]
[Result "1-0"]
[WhiteElo "2530"]
[BlackElo "2449"]
[PlyCount "53"]
[EventDate "2001.??.??"]

1. c4 c5 2. Nf3 b6 3. g3 Bb7 4. Bg2 g6 5. O-O Bg7 6. Nc3 Nf6 7. d3 O-O 8. Bf4
d6 9. Qd2 e5 10. Bg5 Nbd7 11. Nxe5 Bxg2 12. Nxd7 Bxf1 13. Nxf8 Bh3 14. Nd5 Kxf8
15. Bxf6 Bxf6 16. Qh6+ Kg8 17. Qxh3 Bxb2 18. Rd1 h5 19. Qg2 Rb8 20. Rb1 Bg7 21.
Qe4 Kh7 22. Qf4 Rb7 23. Qf3 Qd7 24. a4 f5 25. Rb5 Kh8 26. a5 bxa5 27. Nf6 {
IgorIvanov resigns} 1-0

[Event "ICS rated blitz match"]
[Site "204.178.125.65"]
[Date "2001.09.16"]
[Round "?"]
[White "IgorIvanov"]
[Black "Hossa"]
[Result "0-1"]
[WhiteElo "2437"]
[BlackElo "2542"]
[PlyCount "101"]
[EventDate "2001.??.??"]

1. d4 Nf6 2. c4 e6 3. Nc3 Be7 4. e4 O-O 5. Bd3 d5 6. e5 Ne8 7. Nf3 dxc4 8. Bxc4
c6 9. h4 Nc7 10. Bd3 Nba6 11. Bxh7+ Kh8 12. Bb1 Kg8 13. Ng5 g6 14. Nce4 c5 15.
Nf3 cxd4 16. Bh6 Re8 17. h5 Qd5 18. Bg5 Bxg5 19. Nexg5 gxh5 20. Qd3 Kf8 21.
Rxh5 Ke7 22. Rh7 Rf8 23. Qxd4 Qxd4 24. Nxd4 Bd7 25. Bg6 Be8 26. f4 Nc5 27. Rc1
N7a6 28. Ke2 Rd8 29. Ke3 Rd5 30. a3 Rxd4 31. Rxc5 Rxf4 32. Kxf4 Nxc5 33. b4 Nd7
34. Be4 Rg8 35. Nf3 Rxg2 36. Bxb7 Ra2 37. Nd4 Nb6 38. Rh3 Nc4 39. Rc3 Nxa3 40.
Rc7+ Kf8 41. Rc8 Rh2 42. Bc6 Rh4+ 43. Kg5 Rxd4 44. Rxe8+ Kg7 45. Ra8 Nc4 46.
Rxa7 Nxe5 47. b5 Rg4+ 48. Kh5 Rc4 49. Be8 Rc8 50. Bd7 Rc5 51. Be8 {
IgorIvanov resigns} 0-1

[Event "ICS rated blitz match"]
[Site "204.178.125.65"]
[Date "2001.09.16"]
[Round "?"]
[White "Hossa"]
[Black "IgorIvanov"]
[Result "1-0"]
[WhiteElo "2553"]
[BlackElo "2426"]
[PlyCount "39"]
[EventDate "2001.??.??"]

1. d4 Nf6 2. c4 g6 3. Nc3 Bg7 4. Nf3 O-O 5. e4 d6 6. Be2 Bg4 7. O-O Nc6 8. Be3
Nd7 9. d5 Bxf3 10. Bxf3 Na5 11. Be2 Nb6 12. Bxb6 Bxc3 13. Qd3 cxb6 14. Qxc3 Rc8
15. a4 Qc7 16. b4 Nxc4 17. Rfc1 a5 18. Bxc4 axb4 19. Qxb4 Qc5 20. Qd2 {
IgorIvanov resigns} 1-0

[Event "ICS rated blitz match"]
[Site "204.178.125.65"]
[Date "2001.09.16"]
[Round "?"]
[White "RAFFAELE"]
[Black "Hossa"]
[Result "0-1"]
[WhiteElo "2205"]
[BlackElo "2563"]
[PlyCount "72"]
[EventDate "2001.??.??"]

1. e4 c5 2. Nf3 Nc6 3. Bb5 g6 4. O-O Bg7 5. Re1 Nf6 6. e5 Nd5 7. Nc3 Nc7 8.
Bxc6 dxc6 9. Ne4 Ne6 10. d3 O-O 11. Be3 b6 12. Qd2 f5 13. exf6 exf6 14. Bh6 Ng5
15. Bxg7 Nxf3+ 16. gxf3 Kxg7 17. Ng3 Bh3 18. Re4 f5 19. Re5 f4 20. Ne4 Qh4 21.
Re1 Kg8 22. Qc3 Rad8 23. b4 cxb4 24. Qxc6 Kg7 25. Ng5 Rd7 26. Qe4 Bf5 27. Ne6+
Bxe6 28. Rxe6 Rc8 29. Qxb4 Rxc2 30. Re7+ Kh6 31. R7e2 Rxe2 32. Rxe2 Qg5+ 33.
Kf1 Rxd3 34. Qf8+ Kh5 35. Re4 Rd1+ 36. Ke2 Qd5 {RAFFAELE resigns} 0-1

[Event "ICS rated blitz match"]
[Site "204.178.125.65"]
[Date "2001.09.16"]
[Round "?"]
[White "Hossa"]
[Black "RAFFAELE"]
[Result "1-0"]
[WhiteElo "2567"]
[BlackElo "2201"]
[PlyCount "38"]
[EventDate "2001.??.??"]

1. e4 g6 2. d4 Bg7 3. Nc3 d6 4. f4 c6 5. Nf3 Bg4 6. Be2 Qb6 7. e5 d5 8. O-O
Bxf3 9. Rxf3 e6 10. b3 Ne7 11. Ba3 Nd7 12. Na4 Qd8 13. Bd3 h5 14. Rh3 a5 15. c4
Rc8 16. Bd6 Nf5 17. Bxf5 exf5 18. cxd5 cxd5 19. Qf3 b5 {RAFFAELE resigns} 1-0

[Event "ICS rated blitz match"]
[Site "204.178.125.65"]
[Date "2001.09.16"]
[Round "?"]
[White "RAFFAELE"]
[Black "Hossa"]
[Result "0-1"]
[WhiteElo "2198"]
[BlackElo "2570"]
[PlyCount "60"]
[EventDate "2001.??.??"]

1. Nf3 Nf6 2. c4 e6 3. d4 d5 4. Nc3 Be7 5. Bg5 h6 6. Bxf6 Bxf6 7. Rc1 Nc6 8. e3
O-O 9. cxd5 exd5 10. Qb3 Ne7 11. Be2 c6 12. O-O g6 13. Ne5 Qd6 14. f4 Nf5 15.
Nd1 Qe7 16. Nf2 Be6 17. Bf3 Rfe8 18. Rfe1 Bh4 19. g3 Bf6 20. Qc3 Rad8 21. b4
Nd6 22. a4 Bg7 23. Qd3 Bf5 24. Qf1 f6 25. g4 fxe5 26. dxe5 Bc8 27. exd6 Qxd6
28. Nd3 Re7 29. Kh1 Rde8 30. Qf2 b6 {RAFFAELE resigns} 0-1

[Event "ICS rated blitz match"]
[Site "204.178.125.65"]
[Date "2001.09.16"]
[Round "?"]
[White "Hossa"]
[Black "QueenMaxima"]
[Result "1-0"]
[WhiteElo "2573"]
[BlackElo "2407"]
[PlyCount "189"]
[EventDate "2001.??.??"]

1. d4 b6 2. c4 e6 3. Nc3 Bb7 4. e4 Nf6 5. e5 Ne4 6. Nxe4 Bxe4 7. f3 Bf5 8. Be3
Nc6 9. a3 Be7 10. Bd3 Bg5 11. f4 Bh4+ 12. g3 Bxd3 13. Qxd3 Be7 14. d5 exd5 15.
cxd5 Na5 16. b3 Nb7 17. Nf3 O-O 18. O-O Re8 19. Ra2 a5 20. Rc1 Nc5 21. Qd1 Qb8
22. Nd4 f6 23. Nf5 fxe5 24. fxe5 Bf8 25. Bf4 g6 26. Ne3 Bg7 27. Ng4 Kh8 28. Re2
a4 29. b4 Nb3 30. Rc4 b5 31. Rc3 Qb6+ 32. Rf2 Rac8 33. Rcf3 Nd4 34. Rd3 Nf5 35.
Qf3 Rf8 36. Qe4 Rce8 37. Rc3 Nd6 38. Qe2 Nc4 39. Rcf3 d6 40. e6 Qd4 41. Rd3 Qa7
42. Be3 Nxe3 43. Qxe3 Qb7 44. Rxf8+ Rxf8 45. e7 Re8 46. Qe6 Qc8 47. Qf7 h5 48.
Nf2 h4 49. gxh4 Qd7 50. Re3 Be5 51. Qf8+ Kh7 52. Ne4 Qxe7 53. Nf6+ Qxf6 54.
Qxf6 Bxf6 55. Rxe8 Bb2 56. Rb8 Bxa3 57. Rxb5 Kg7 58. Ra5 Bxb4 59. Rxa4 Bc5+ 60.
Kg2 Kf6 61. Re4 Kf5 62. Re7 Bb6 63. Kf3 Kf6 64. Re6+ Kf5 65. h5 gxh5 66. h4 Ba5
67. Rh6 Ke5 68. Rxh5+ Kd4 69. Rg5 Bd2 70. Kg4 Bxg5 71. Kxg5 Kxd5 72. h5 Ke6 73.
Kg6 c5 74. h6 d5 75. h7 d4 76. Kg5 c4 77. Kf4 Kd5 78. Kf3 Ke5 79. Ke2 Ke4 80.
Kd2 c3+ 81. Kc1 Kd5 82. Kc2 Kc4 83. Kd1 Kd3 84. h8=Q Ke4 85. Kc2 Kd5 86. Kd3 c2
87. Qh5+ Kc6 88. Kxc2 d3+ 89. Kxd3 Kd6 90. Kd4 Ke6 91. Kc5 Ke7 92. Qf5 Kd8 93.
Qf7 Kc8 94. Kc6 Kd8 95. Qd7# {QueenMaxima checkmated} 1-0

[Event "ICS rated blitz match"]
[Site "204.178.125.65"]
[Date "2001.09.16"]
[Round "?"]
[White "LinuxKnight"]
[Black "Hossa"]
[Result "1-0"]
[WhiteElo "2768"]
[BlackElo "2582"]
[PlyCount "183"]
[EventDate "2001.??.??"]

1. f4 d5 2. e3 e6 3. Nf3 Nf6 4. b3 a5 5. Be2 a4 6. O-O axb3 7. cxb3 Bd6 8. Nc3
b6 9. Nb5 Be7 10. Ne5 c6 11. Nd4 Bb7 12. Qc2 Bc5 13. Ndxc6 Nxc6 14. Nxc6 Bxc6
15. d4 Qd6 16. dxc5 Qxc5 17. Qxc5 bxc5 18. Bb2 Rg8 19. Bd3 h5 20. Rfc1 Nd7 21.
Bh7 Rh8 22. Bd3 Rg8 23. Bh7 Rh8 24. Bc2 Rg8 25. a4 g6 26. Bd1 Bb7 27. Bc3 Ba6
28. Bd2 Ke7 29. b4 cxb4 30. Bxb4+ Kf6 31. Rc7 Rgb8 32. Rb1 Bd3 33. Rb3 Bc4 34.
Rb2 Rd8 35. Bc2 Rac8 36. Ra7 Ra8 37. Rb7 e5 38. fxe5+ Kxe5 39. Rb1 Ba6 40. Bc3+
Ke6 41. R7b3 Bc4 42. Ra3 Ne5 43. Rb6+ Rd6 44. Rb7 f5 45. Rc7 Re8 46. Bd4 Kf6
47. Rc3 g5 48. a5 Ra8 49. Rc5 Re6 50. Bd1 h4 51. Bf3 Rd8 52. h3 Rd7 53. Rc2 Bb3
54. Rb2 Bc4 55. Rb6 Rdd6 56. Rc8 Ke7 57. Rc7+ Kd8 58. Rg7 Nd7 59. Rxd6 Rxd6 60.
Rxg5 Bd3 61. Rg7 Kc8 62. Rh7 Ra6 63. Bxd5 f4 64. e4 Rxa5 65. Be6 Bb5 66. Rxh4
Ra4 67. Be5 Bc6 68. Bf5 Ra2 69. Bxf4 Re2 70. Rh8+ Kb7 71. Rh7 Kc8 72. g4 Kd8
73. Rh8+ Ke7 74. Rh6 Ba4 75. Bd6+ Kf7 76. Rh7+ Kg8 77. Re7 Nf8 78. Be5 Nd7 79.
Be6+ Kf8 80. Bd6 Rd2 81. Rxd7+ Ke8 82. Re7+ Kd8 83. e5 Rb2 84. Rh7 Rc2 85. Rb7
Rc1+ 86. Kf2 Bd7 87. Rxd7+ Ke8 88. Rh7 Rc2+ 89. Ke3 Rc3+ 90. Kd4 Rxh3 91. Rxh3
Kd8 92. Rh8# {Hossa checkmated} 1-0

[Event "ICS rated standard match"]
[Site "204.178.125.65"]
[Date "2001.09.16"]
[Round "?"]
[White "Hossa"]
[Black "Tinker"]
[Result "1-0"]
[WhiteElo "2330"]
[BlackElo "2236"]
[PlyCount "63"]
[EventDate "2001.??.??"]

1. f4 c5 2. Nf3 Nc6 3. e3 Nf6 4. Bb5 e6 5. O-O Bd6 6. d3 O-O 7. e4 Be7 8. Bxc6
dxc6 9. Qe2 c4 10. dxc4 Ng4 11. Be3 Nxe3 12. Qxe3 Qa5 13. Rd1 Bc5 14. Nd4 e5
15. fxe5 Bb6 16. Nd2 Bg4 17. N2f3 Rad8 18. c3 c5 19. Nf5 Rxd1+ 20. Rxd1 Qa4 21.
Ra1 Qxc4 22. Nxg7 Kxg7 23. Qg5+ Kh8 24. Qxg4 Qe2 25. Qf4 Qxb2 26. Rf1 c4+ 27.
Kh1 Bd8 28. e6 Rg8 29. g3 f6 30. Ne5 Rg7 31. Nf7+ Rxf7 32. exf7 {Tinker resigns
} 1-0

[Event "ICS rated blitz match"]
[Site "204.178.125.65"]
[Date "2001.09.17"]
[Round "?"]
[White "Hossa"]
[Black "lupica"]
[Result "1-0"]
[WhiteElo "2574"]
[BlackElo "2236"]
[PlyCount "109"]
[EventDate "2001.??.??"]

1. c4 g6 2. d4 Bg7 3. e4 c5 4. d5 d6 5. Nf3 Nf6 6. Bd3 O-O 7. O-O e6 8. Nc3
exd5 9. cxd5 Na6 10. Bxa6 bxa6 11. e5 dxe5 12. Nxe5 Nxd5 13. Nc6 Nxc3 14. Qxd8
Rxd8 15. Nxd8 Ne2+ 16. Kh1 Nxc1 17. Raxc1 Bd7 18. Nb7 Bxb2 19. Rxc5 Be6 20. Rc2
Bd4 21. Rd1 Bb6 22. h3 Kg7 23. Kh2 Rb8 24. Nd6 Rd8 25. Kg3 h5 26. Kf3 Rd7 27.
Ne8+ Kh6 28. Rxd7 Bxd7 29. Nc7 Bf5 30. Rc1 a5 31. Nd5 Bd4 32. Rd1 Bg7 33. Rd2
a4 34. Kf4 a3 35. g4 hxg4 36. hxg4 Be6 37. g5+ Kh7 38. Rd1 Bb2 39. f3 Kg7 40.
Ke3 a6 41. Kf4 a5 42. Ke3 a4 43. Kf4 Kf8 44. Kg3 Kg7 45. f4 Kf8 46. Kf3 Kg7 47.
Rd2 Ba1 48. Nc7 Bc4 49. Ne8+ Kf8 50. Nd6 Be6 51. Rc2 Ke7 52. Nc4 Bd4 53. Nxa3
Bd5+ 54. Kg3 Kd6 55. Nb5+ {lupica resigns} 1-0

[Event "ICS rated blitz match"]
[Site "204.178.125.65"]
[Date "2001.09.17"]
[Round "?"]
[White "lupica"]
[Black "Hossa"]
[Result "0-1"]
[WhiteElo "2232"]
[BlackElo "2578"]
[PlyCount "86"]
[EventDate "2001.??.??"]

1. d4 Nf6 2. Nf3 e6 3. e3 b6 4. Bd3 Bb7 5. O-O d5 6. Ne5 Bd6 7. f4 c5 8. c3
Nbd7 9. Nd2 c4 10. Bc2 b5 11. Qf3 Rb8 12. Nxd7 Qxd7 13. e4 dxe4 14. Nxe4 Nxe4
15. Bxe4 b4 16. f5 Bxe4 17. Qxe4 O-O 18. f6 g6 19. Bf4 bxc3 20. bxc3 Rb5 21.
Bxd6 Qxd6 22. Rab1 Rxb1 23. Rxb1 Qa3 24. Qc2 e5 25. dxe5 Qc5+ 26. Qf2 Qxe5 27.
Qd4 Qxd4+ 28. cxd4 Rc8 29. Rc1 Kf8 30. Kf2 Ke8 31. Ke2 Kd7 32. Kd2 Ke6 33. Kc3
Kxf6 34. Rb1 Rc6 35. Rb4 Ra6 36. a4 Re6 37. Kxc4 Re2 38. Rb7 Rxg2 39. Rxa7 Rxh2
40. Kd5 h5 41. a5 h4 42. Ra8 Ra2 43. a6 Kg7 {lupica resigns} 0-1

[Event "ICS rated standard match"]
[Site "204.178.125.65"]
[Date "2001.09.17"]
[Round "?"]
[White "Hossa"]
[Black "Yace"]
[Result "0-1"]
[WhiteElo "2342"]
[BlackElo "2615"]
[PlyCount "107"]
[EventDate "2001.??.??"]

1. e4 c5 2. Nf3 d6 3. d4 cxd4 4. Nxd4 Nf6 5. Nc3 a6 6. Be3 e6 7. Be2 Be7 8. f4
O-O 9. O-O Nc6 10. Qe1 Nxd4 11. Bxd4 b5 12. Qg3 b4 13. Na4 Bb7 14. Bf3 Bc6 15.
Nb6 Rb8 16. Nc4 Bb5 17. b3 Rc8 18. Rfd1 Bxc4 19. bxc4 Rxc4 20. c3 bxc3 21. Be2
Rxd4 22. Rxd4 Qb6 23. Qe3 d5 24. Qxc3 Nxe4 25. Qd3 Bc5 26. Rd1 Qb2 27. Kf1 Nc3
28. Rd2 Qa1+ 29. Bd1 Rb8 30. Ke1 Nxd1 31. Rxd1 Qxa2 32. Rd2 Qa1+ 33. Rd1 Qa5+
34. Qd2 Bb4 35. Rxb4 Rxb4 36. Rc1 f5 37. Kf2 Qb6+ 38. Ke2 a5 39. h3 a4 40. g4
Rb2 41. Rc8+ Kf7 42. Rc7+ Ke8 43. Rc8+ Ke7 44. Rc2 a3 45. Kf3 d4 46. Qd3 Qb7+
47. Kg3 Rb3 48. Rd2 a2 49. Rxa2 Rxd3+ 50. Kh4 fxg4 51. f5 Kf6 52. Rf2 Qh1 53.
fxe6+ Kg6 54. Kxg4 {Hossa resigns} 0-1

[Event "ICS rated standard match"]
[Site "204.178.125.65"]
[Date "2001.09.17"]
[Round "?"]
[White "Tinker"]
[Black "Hossa"]
[Result "0-1"]
[WhiteElo "2253"]
[BlackElo "2336"]
[PlyCount "104"]
[EventDate "2001.??.??"]

1. e4 c5 2. Nf3 d6 3. d4 cxd4 4. Nxd4 Nf6 5. Nc3 a6 6. Be2 e5 7. Nb3 Be7 8. O-O
Be6 9. Be3 O-O 10. Qd2 d5 11. exd5 Nxd5 12. Rfd1 Nxe3 13. Qxe3 Nd7 14. Qf3 Qc7
15. Qg3 Nf6 16. Nd4 Bd7 17. Nf3 Bd6 18. Ng5 Bf5 19. Rac1 Rfd8 20. Qh4 h6 21.
Nf3 e4 22. Nd4 Bg6 23. Nb3 Bf4 24. Rxd8+ Rxd8 25. Rd1 Rxd1+ 26. Bxd1 Be5 27.
Qh3 b5 28. a3 Bxc3 29. Qxc3 Qxc3 30. bxc3 Nd5 31. Nd4 Nxc3 32. Bg4 Nb1 33. Bc8
Nxa3 34. Bxa6 b4 35. Kf1 Kf8 36. Ke2 e3 37. Bd3 Bxd3+ 38. cxd3 exf2 39. Kxf2
Ke8 40. Ke3 Kd7 41. Kd2 g6 42. Nb3 Kc6 43. Ke3 Kd5 44. Nd4 f5 45. Nb3 Nc2+ 46.
Kd2 Nd4 47. Na1 f4 48. Kc1 g5 49. h3 h5 50. Nc2 Nxc2 51. Kxc2 g4 52. hxg4 b3+ {
Tinker resigns} 0-1

[Event "ICS rated blitz match"]
[Site "204.178.125.65"]
[Date "2001.09.17"]
[Round "?"]
[White "sekere"]
[Black "Hossa"]
[Result "0-1"]
[WhiteElo "2223"]
[BlackElo "2582"]
[PlyCount "82"]
[EventDate "2001.??.??"]

1. e4 c5 2. Nf3 Nc6 3. d3 Nf6 4. Be2 e5 5. O-O Be7 6. Bg5 O-O 7. Nc3 d6 8. h3
Be6 9. a3 Nd4 10. Bxf6 Nxe2+ 11. Qxe2 Bxf6 12. Nd5 Bxd5 13. exd5 Bg5 14. c4 b6
15. Nxg5 Qxg5 16. Qg4 Qd2 17. f4 Qxb2 18. f5 f6 19. Rae1 Qxa3 20. Re3 Qc3 21.
Kh1 Rf7 22. Rg3 a6 23. h4 b5 24. h5 bxc4 25. dxc4 Qd4 26. h6 Qxg4 27. Rxg4 Kf8
28. Rf3 a5 29. Rh3 a4 30. Rgh4 a3 31. hxg7+ Rxg7 32. Rxh7 a2 33. Rh8+ Rg8 34.
Kh2 a1=Q 35. Rxg8+ Kxg8 36. Rg3+ Kf7 37. Rh3 Qd4 38. Rh7+ Kg8 39. Rh3 Qf4+ 40.
Rg3+ Kf7 41. Kh3 Rh8# {sekere checkmated} 0-1